Chudoba a spotrebiteľské správanie zborník vedeckých statí z riešenia výskumného projektu VEGA 1/0224/15

Salvato in:
Dettagli Bibliografici
Ente Autore: Ekonomická univerzita v Bratislave. Obchodná fakulta
Altri autori: Zúpková, Mária, Hölcz, Róbert
Natura: Libro
Lingua:slovacco
Pubblicazione: Bratislava Vydavateľstvo EKONÓM 2017
Edizione:1. vydanie
Soggetti:
Tags: Aggiungi Tag
Nessun Tag, puoi essere il primo ad aggiungerne!!

MARC

LEADER 00000nlm a2200000 4500
001 0241562
005 20240827081546.6
020 |a 978-80-225-4468-9 
041 0 |a slo 
044 |a SK 
245 1 0 |a Chudoba a spotrebiteľské správanie  |b zborník vedeckých statí z riešenia výskumného projektu VEGA 1/0224/15  |c kolektív ; recenzenti: Mária Zúpková, Róbert Hölcz 
250 |a 1. vydanie 
264 1 |a Bratislava  |b Vydavateľstvo EKONÓM  |c 2017 
300 |a CD-ROM [40 s.] 
610 2 0 |a chudoba 
610 2 0 |a správanie spotrebiteľa 
610 2 0 |a seniori 
610 2 0 |a kvalita života 
700 1 |a Zúpková, Mária 
700 1 |a Hölcz, Róbert 
710 2 |a Ekonomická univerzita v Bratislave. Obchodná fakulta